Geography Quiz

Random Geography or State Quiz

Montana Cities Quiz Stats

 Plays Quiz Updated Apr 9, 2018

Challenge
Share
Tweet
Embed
Score 0/20 Timer 06:00
7 Plays Today
Rank City % Correct
6Helena
93.3%
1Billings
78.4%
5Butte-Silver Bow
63.2%
2Missoula
60.9%
4Bozeman
58.4%
3Great Falls
48.6%
7Kalispell
35%
13Whitefish
26.3%
10Miles City
25.5%
8Havre
25.3%
Rank City % Correct
9Anaconda
22.6%
12Livingston
21.2%
17Glendive
18.5%
11Belgrade
15.3%
16Lewistown
15.1%
14Laurel
14.7%
20Hamilton
14.5%
19Polson
14.4%
15Sidney
13.9%
18Columbia Falls
13.1%

You're not logged in!

Compare scores with friends on all Sporcle quizzes.
Join for Free
OR
Log In

You Might Also Like...

Show Comments

Extras

Top Quizzes Today


Score Distribution

Your Account Isn't Verified!

In order to create a playlist on Sporcle, you need to verify the email address you used during registration. Go to your Sporcle Settings to finish the process.

Report this User

Report this user for behavior that violates our Community Guidelines.

Details: